[Event "Junior Online 4NCL Division 5"]
[Site "online"]
[Date "2021.02.18"]
[EventDate "2021.02.18"]
[Round "3.251"]
[White "Barrio, Ricardo"]
[WhiteElo "1075"]
[WhiteTeam "Ojays H"]
[Black "Harb, Laith A"]
[BlackElo "1256"]
[BlackTeam "JHJ Shark Tank 8"]
[Result "0-1"]
[PlyCount "48"]

1. e4 c5 2. Nf3 d6 3. Bc4 Nf6 4. Nc3 e6 5. d3 a6 6. Bf4 b5 7. Bb3 Bb7 8. a3 Be7 9. O-O O-O 10. a4 b4 11. Ne2 a5 12. d4 Nxe4 13. c4 cxd4 14. Bc2 Nc5 15. Nexd4 e5 16. Nb5 exf4 17. Nbd4 Nbd7 18. Nb3 Rc8 19. Nxc5 Nxc5 20. Nd4 Qc7 21. Qd3 Nxd3 22. Bxd3 Bf6 23. Nb5 Qc6 24. Na7 Qxg2# 0-1

[Event "Junior Online 4NCL Division 5"]
[Site "online"]
[Date "2021.02.18"]
[EventDate "2021.02.18"]
[Round "3.252"]
[White "Stacey, Edward"]
[WhiteElo "1255"]
[WhiteTeam "JHJ Shark Tank 8"]
[Black "Conlon, George"]
[BlackElo "925"]
[BlackTeam "Ojays H"]
[Result "1/2-1/2"]
[PlyCount "111"]

1. e4 d5 2. exd5 Nf6 3. Nf3 Nxd5 4. Bc4 Nf4 5. O-O Bg4 6. d3 Bxf3 7. Qxf3 Ne6 8. Bxe6 fxe6 9. Qxb7 Nd7 10. Qe4 Nf6 11. Qxe6 Qd7 12. Qxd7+ Kxd7 13. Nc3 Kd6 14. Ne4+ Nxe4 15. dxe4 Ke5 16. f3 e6 17. g3 Bc5+ 18. Kg2 g5 19. Re1 Bb4 20. c3 Rhg8 21. cxb4 g4 22. Bf4+ Kf6 23. Bxc7 gxf3+ 24. Kxf3 Rg5 25. h4 Rg6 26. g4 h5 27. gxh5 Rh6 28. Rg1 Rxh5 29. Kg4 Rhh8 30. e5+ Ke7 31. Bd6+ Kf7 32. Raf1+ Kg6 33. Kf4+ Kf7 34. Ke4+ Ke8 35. Rg4 Kd7 36. Rf6 Kc6 37. Rxe6 Kd7 38. Re7+ Kc6 39. Rc7+ Kb5 40. Kd5 Kb6 41. Rcg7 a5 42. bxa5+ Rxa5+ 43. Ke6 Rxa2 44. Rg8 Rh7 45. R8g7 Rh8 46. Kf6 Re8 47. e6 Rxb2 48. e7 Rd2 49. Kf7 Rxd6 50. Kxe8 Re6 51. R7g6 Rxg6 52. Rxg6+ Kc7 53. Kf8 Kd7 54. e8=Q+ Kc7 55. Qc6+ Kb8 56. Rg7 1/2-1/2

[Event "Junior Online 4NCL Division 5"]
[Site "online"]
[Date "2021.02.18"]
[EventDate "2021.02.18"]
[Round "3.253"]
[White "Barrio Lopez, Carlos"]
[WhiteElo "918"]
[WhiteTeam "Ojays H"]
[Black "Han, Qixiang"]
[BlackElo "1023"]
[BlackTeam "JHJ Shark Tank 8"]
[Result "0-1"]
[PlyCount "26"]

1. e4 e5 2. Nf3 Nc6 3. Nc3 Nf6 4. Bc4 Nxe4 5. Nxe4 d5 6. Bb5 dxe4 7. Ng5 Qxg5 8. d3 Qxg2 9. Rf1 Bd7 10. Bc4 Bg4 11. f3 Bxf3 12. Rxf3 exf3 13. Qd2 Qg1# 0-1

[Event "Junior Online 4NCL Division 5"]
[Site "online"]
[Date "2021.02.18"]
[EventDate "2021.02.18"]
[Round "3.255"]
[White "Harb, Laith A"]
[WhiteElo "1256"]
[WhiteTeam "JHJ Shark Tank 8"]
[Black "Barrio, Ricardo"]
[BlackElo "1075"]
[BlackTeam "Ojays H"]
[Result "1-0"]
[PlyCount "63"]

1. d4 Nf6 2. c4 e6 3. Nf3 Nc6 4. Nc3 Bb4 5. Bd2 d5 6. a3 Bd6 7. Bg5 Be7 8. e3 h6 9. Bh4 g5 10. Bg3 Ng4 11. h3 Nf6 12. Nb5 Bd7 13. Nxc7+ Qxc7 14. Bxc7 Rc8 15. Be5 Nxe5 16. dxe5 dxc4 17. exf6 Bxf6 18. Rc1 Bxb2 19. Rxc4 Bb5 20. Rxc8+ Ke7 21. Rxh8 Bc3+ 22. Nd2 Bc6 23. Qc2 Ba5 24. Qd3 a6 25. Kd1 Ba4+ 26. Kc1 Kf6 27. Qd4+ Ke7 28. Qxa4 Bb6 29. Qe8+ Kf6 30. Rxh6+ Ke5 31. Qxf7 Bc5 32. Qxe6# 1-0

[Event "Junior Online 4NCL Division 5"]
[Site "online"]
[Date "2021.02.18"]
[EventDate "2021.02.18"]
[Round "3.256"]
[White "Conlon, George"]
[WhiteElo "925"]
[WhiteTeam "Ojays H"]
[Black "Stacey, Edward"]
[BlackElo "1255"]
[BlackTeam "JHJ Shark Tank 8"]
[Result "0-1"]
[PlyCount "56"]

1. e4 e5 2. Nf3 Nc6 3. Bc4 Bc5 4. b4 Bxb4 5. c3 Bc5 6. O-O Nf6 7. d4 Bd6 8. dxe5 Nxe5 9. Nxe5 Bxe5 10. f4 Bd6 11. e5 Bc5+ 12. Kh1 Ne4 13. Qd5 O-O 14. Qxe4 d6 15. Bd3 g6 16. exd6 cxd6 17. c4 Qf6 18. f5 Qxa1 19. fxg6 hxg6 20. Bh6 Rd8 21. Rxf7 Kxf7 22. Qxg6+ Ke7 23. Bg5+ Kd7 24. Qf7+ Kc6 25. Be4+ Kb6 26. Bxd8+ Ka6 27. Be7 Qd4 28. h3 Qg1# 0-1

[Event "Junior Online 4NCL Division 5"]
[Site "online"]
[Date "2021.02.18"]
[EventDate "2021.02.18"]
[Round "3.257"]
[White "Han, Qixiang"]
[WhiteElo "1023"]
[WhiteTeam "JHJ Shark Tank 8"]
[Black "Barrio Lopez, Carlos"]
[BlackElo "918"]
[BlackTeam "Ojays H"]
[Result "1-0"]
[PlyCount "67"]

1. e4 g6 2. d4 Bg7 3. Nf3 Nf6 4. e5 O-O 5. exf6 exf6 6. Be2 Qe7 7. O-O d6 8. h3 Qe4 9. Nc3 Qe6 10. d5 Qe8 11. Re1 c6 12. dxc6 Nxc6 13. Qxd6 Bxh3 14. gxh3 Qc8 15. Qh2 Qf5 16. Qg3 Ne5 17. Nxe5 fxe5 18. Bd3 Qe6 19. Qh2 Qf6 20. Nd5 Qg5+ 21. Bxg5 Rae8 22. Bh6 Bxh6 23. Nf6+ Kh8 24. Nxe8 Rxe8 25. Rxe5 Rd8 26. Re7 Bf8 27. Rxb7 Bd6 28. Qh1 Re8 29. Rxf7 Re7 30. Rxe7 Bxe7 31. Qc6 g5 32. Qe8+ Kg7 33. Qxe7+ Kh8 34. Qxh7# 1-0

[Event "Junior Online 4NCL Division 5"]
[Site "online"]
[Date "2021.02.18"]
[EventDate "2021.02.18"]
[Round "3.261"]
[White "Pearson, Matt D"]
[WhiteElo "1035"]
[WhiteTeam "Manchester Juniors F"]
[Black "Mallia, Luca"]
[BlackElo "922"]
[BlackTeam "Surrey Kings 4"]
[Result "1-0"]
[PlyCount "105"]

1. e4 e5 2. Bc4 Nf6 3. Nc3 Bc5 4. Nf3 Nc6 5. O-O d6 6. d3 Bg4 7. h3 Be6 8. b3 O-O 9. Nh2 Re8 10. Qf3 a6 11. Qg3 b5 12. b4 h6 13. bxc5 bxc4 14. dxc4 g5 15. h4 dxc5 16. hxg5 hxg5 17. Bxg5 Qd4 18. Bh6+ Ng4 19. Nxg4 Qxe4 20. Nf6+ Kh8 21. Nfxe4 Rg8 22. Qh4 Rg4 23. Qf6+ Kh7 24. f3 Rg6 25. Qh4 Rxh6 26. Qf2 Rh8 27. Nxc5 Kg7 28. Nxe6+ fxe6 29. Qc5 Nd4 30. Qxe5+ Kg8 31. Qxd4 R8h7 32. Rfe1 Rh4 33. Qxh4 Rxh4 34. Rxe6 Kf7 35. Rae1 Rxc4 36. Na4 Rxa4 37. c4 Rxc4 38. Rxa6 Rc2 39. Kh2 c5 40. Rc6 c4 41. Re3 Rxa2 42. Rxc4 Kf6 43. Rb3 Ke5 44. Rb5+ Kd6 45. Rcb4 Kc6 46. Rb3 Ra6 47. g4 Kd6 48. g5 Ke6 49. Kg3 Kf7 50. Rb6 Ra8 51. Rc3 Rh8 52. Rc7+ Ke8 53. Rb8# 1-0

[Event "Junior Online 4NCL Division 5"]
[Site "online"]
[Date "2021.02.18"]
[EventDate "2021.02.18"]
[Round "3.262"]
[White "Baker, Luke"]
[WhiteElo "909"]
[WhiteTeam "Surrey Kings 4"]
[Black "Govindu, Aashrith Reddy"]
[BlackElo "989"]
[BlackTeam "Manchester Juniors F"]
[Result "1-0"]
[PlyCount "77"]

1. e4 e5 2. Nf3 Nc6 3. Bb5 d6 4. O-O d5 5. exd5 Qxd5 6. c4 Qe6 7. Nc3 Bc5 8. Re1 Bd7 9. Re2 Nf6 10. Qe1 e4 11. Rxe4 Nxe4 12. Qxe4 Nb4 13. Bxd7+ Kxd7 14. Na4 Bd6 15. c5 b6 16. Ng5 Qh6 17. cxd6 cxd6 18. Nxf7 Nd5 19. Nxh6 gxh6 20. Qxd5 Rae8 21. h3 Re1+ 22. Kh2 Re2 23. Nc3 Rxf2 24. Nb5 Rg8 25. Qxd6+ Ke8 26. Nc7+ Kf7 27. Qe6+ Kf8 28. Qe8+ Kg7 29. Qe5+ Kf8 30. d4 Rgxg2+ 31. Kh1 Re2 32. Bxh6+ Kg8 33. Qg7+ Rxg7 34. Bxg7 Kxg7 35. Rg1+ Kf8 36. d5 h5 37. d6 h4 38. d7 Ke7 39. Rd1 1-0

[Event "Junior Online 4NCL Division 5"]
[Site "online"]
[Date "2021.02.18"]
[EventDate "2021.02.18"]
[Round "3.263"]
[White "Meredith, George"]
[WhiteElo "949"]
[WhiteTeam "Manchester Juniors F"]
[Black "Song, Meilin"]
[BlackElo "910"]
[BlackTeam "Surrey Kings 4"]
[Result "1-0"]
[PlyCount "83"]

1. e4 e5 2. Nf3 Nc6 3. Nc3 Nf6 4. Bb5 Bc5 5. O-O d5 6. Bxc6+ bxc6 7. d3 dxe4 8. dxe4 Bb4 9. Qxd8+ Kxd8 10. Nxe5 Bxc3 11. Nxf7+ Ke8 12. Nxh8 Kf8 13. bxc3 Be6 14. Bg5 Kg8 15. Bxf6 Kxh8 16. Be5 Bf7 17. Bxc7 Bg6 18. e5 Bxc2 19. e6 Rc8 20. Bd6 Re8 21. e7 Bd3 22. Rfd1 Bg6 23. h3 Bh5 24. Re1 a5 25. Rab1 a4 26. Rb8 Rxb8 27. Bxb8 h6 28. e8=Q+ Bxe8 29. Rxe8+ Kh7 30. Re6 a3 31. Rxc6 Kg8 32. Bd6 Kf7 33. Bxa3 Ke8 34. Rd6 Ke7 35. Rd1+ Ke6 36. c4 Ke5 37. c5 g5 38. c6 h5 39. c7 h4 40. c8=Q g4 41. Qc5+ Kf4 42. Rd4# 1-0

[Event "Junior Online 4NCL Division 5"]
[Site "online"]
[Date "2021.02.18"]
[EventDate "2021.02.18"]
[Round "3.264"]
[White "Edwards, Zachary"]
[WhiteElo "823"]
[WhiteTeam "Surrey Kings 4"]
[Black "Morgan, Alice"]
[BlackElo "935"]
[BlackTeam "Manchester Juniors F"]
[Result "0-1"]
[PlyCount "48"]

1. e4 e5 2. Nf3 Nc6 3. Nc3 Nf6 4. d4 exd4 5. Nxd4 Bc5 6. Nxc6 dxc6 7. Qxd8+ Kxd8 8. Bc4 Re8 9. O-O Nxe4 10. Nxe4 Rxe4 11. Bd3 Re7 12. Bg5 f6 13. Bf4 b5 14. Rad1 Ke8 15. Rde1 a5 16. g4 Bxg4 17. Re3 Bxe3 18. Bxe3 a4 19. f3 Bh3 20. Rf2 Rxe3 21. Be4 Rd8 22. Bxc6+ Ke7 23. f4 Rd1+ 24. Rf1 Rxf1# 0-1

[Event "Junior Online 4NCL Division 5"]
[Site "online"]
[Date "2021.02.18"]
[EventDate "2021.02.18"]
[Round "3.265"]
[White "Mallia, Luca"]
[WhiteElo "922"]
[WhiteTeam "Surrey Kings 4"]
[Black "Pearson, Matt D"]
[BlackElo "1035"]
[BlackTeam "Manchester Juniors F"]
[Result "1-0"]
[PlyCount "69"]

1. e4 e5 2. Nf3 Nc6 3. Bc4 Bc5 4. d3 d6 5. Nc3 Nf6 6. O-O Be6 7. Be3 b6 8. a3 O-O 9. b4 Nh5 10. bxc5 bxc5 11. g4 Bxg4 12. Bd5 Qf6 13. Bxc6 Qg6 14. Bxa8 Bh3+ 15. Ng5 Nf4 16. f3 Qxg5+ 17. Kf2 Qg2+ 18. Ke1 Qxf1+ 19. Kd2 Qe2+ 20. Qxe2 Nxe2 21. Nxe2 Rxa8 22. Ng1 Bg2 23. Rb1 a5 24. Ke2 c6 25. Kf2 Bh1 26. c3 d5 27. d4 cxd4 28. cxd4 dxe4 29. fxe4 exd4 30. Bxd4 Bxe4 31. Rb2 Rc8 32. Ne2 c5 33. Bxc5 Rxc5 34. Rb8+ Rc8 35. Rxc8# 1-0

[Event "Junior Online 4NCL Division 5"]
[Site "online"]
[Date "2021.02.18"]
[EventDate "2021.02.18"]
[Round "3.266"]
[White "Govindu, Aashrith Reddy"]
[WhiteElo "989"]
[WhiteTeam "Manchester Juniors F"]
[Black "Baker, Luke"]
[BlackElo "909"]
[BlackTeam "Surrey Kings 4"]
[Result "1-0"]
[PlyCount "53"]

1. e4 e5 2. Nf3 Nc6 3. Nc3 Bb4 4. Bc4 Nf6 5. Nh4 d6 6. Qf3 Bg4 7. Qg3 O-O 8. O-O Bc5 9. h3 Bh5 10. Nf5 g6 11. Nh6+ Kg7 12. Nf5+ Kh8 13. Qg5 gxf5 14. exf5 Rg8 15. Qh6 Rg7 16. d3 Qg8 17. Nd5 Rxg2+ 18. Kh1 Bf3 19. Nxf6 Qg7 20. Bg5 Rg8 21. h4 Be2 22. Nxg8 Qxg8 23. Bf6+ Rg7 24. Rg1 Bf3+ 25. Kh2 Bxf2 26. Bxg7+ Qxg7 27. Qxg7# 1-0

[Event "Junior Online 4NCL Division 5"]
[Site "online"]
[Date "2021.02.18"]
[EventDate "2021.02.18"]
[Round "3.267"]
[White "Song, Meilin"]
[WhiteElo "910"]
[WhiteTeam "Surrey Kings 4"]
[Black "Meredith, George"]
[BlackElo "949"]
[BlackTeam "Manchester Juniors F"]
[Result "1/2-1/2"]
[PlyCount "25"]

1. e4 e5 2. Nf3 Nc6 3. Nc3 Nf6 4. Bc4 Bb4 5. O-O Bxc3 6. dxc3 O-O 7. Bg5 d6 8. Bxf6 Qxf6 9. h3 Qg6 10. Qe1 Bxh3 11. Nh4 Qg4 12. f3 Qg5 13. Kh1 1/2-1/2

[Event "Junior Online 4NCL Division 5"]
[Site "online"]
[Date "2021.02.18"]
[EventDate "2021.02.18"]
[Round "3.268"]
[White "Morgan, Alice"]
[WhiteElo "935"]
[WhiteTeam "Manchester Juniors F"]
[Black "Edwards, Zachary"]
[BlackElo "823"]
[BlackTeam "Surrey Kings 4"]
[Result "1-0"]
[PlyCount "159"]

1. e4 e5 2. Nc3 Nf6 3. Nf3 Nc6 4. Bc4 Bb4 5. O-O Bxc3 6. dxc3 d5 7. exd5 Ne7 8. Re1 Nexd5 9. Rxe5+ Be6 10. a4 O-O 11. Bg5 h6 12. Bxf6 gxf6 13. Re4 Re8 14. Nd4 f5 15. Re5 f6 16. Nxf5 fxe5 17. Qg4+ Qg5 18. Qxg5+ hxg5 19. Nh6+ Kg7 20. Bxd5 Bxd5 21. Ng4 Rf8 22. Rd1 Bc4 23. Rd7+ Rf7 24. Rd2 Be6 25. Ne3 Rd7 26. Re2 Rad8 27. h3 Rd2 28. Rxd2 Rxd2 29. b4 Rxc2 30. Nxc2 c6 31. a5 b6 32. axb6 axb6 33. g3 c5 34. bxc5 bxc5 35. Ne3 Bxh3 36. f4 exf4 37. gxf4 gxf4 38. Nd1 f3 39. Kf2 Bg4 40. Nb2 Kf6 41. Nd3 Kf5 42. Nxc5 Kf4 43. Na4 Bh3 44. c4 Ke4 45. c5 Kf4 46. c6 Kg4 47. Nc3 Kf4 48. Nd5+ Ke4 49. Ne7 Kf4 50. c7 Ke4 51. Ng6 Bg4 52. Ne7 Kf4 53. Ng6+ Ke4 54. Ne7 Be6 55. Ng6 Bf5 56. Ne7 Bd7 57. Ng6 Bf5 58. Ne7 Be6 59. Ng6 Bf7 60. c8=Q Bxg6 61. Qc6+ Kf4 62. Qxg6 Ke5 63. Qg4 Kd5 64. Qxf3+ Kc5 65. Qe4 Kb5 66. Ke3 Kc5 67. Kd3 Kb5 68. Qd4 Ka5 69. Qc4 Kb6 70. Kc3 Ka5 71. Qb4+ Ka6 72. Kc4 Ka7 73. Qb5 Ka8 74. Kc5 Ka7 75. Qc6 Kb8 76. Kb5 Ka7 77. Qc7+ Ka8 78. Qd7 Kb8 79. Kb6 Ka8 80. Qb7# 1-0

[Event "Junior Online 4NCL Division 5"]
[Site "online"]
[Date "2021.02.18"]
[EventDate "2021.02.18"]
[Round "3.272"]
[White "Hansjee, Sebastian"]
[WhiteElo "900"]
[WhiteTeam "The Hall 5"]
[Black "Semeiko-Wang, Lily"]
[BlackElo "1000"]
[BlackTeam "King's Cross Kings"]
[Result "1/2-1/2"]
[PlyCount "118"]

1. d4 d5 2. Nc3 Nf6 3. Bf4 Bf5 4. Nf3 Nc6 5. Nb5 Rc8 6. Bxc7 Rxc7 7. Nxc7+ Qxc7 8. e3 Qa5+ 9. c3 Ng4 10. Qe2 e5 11. dxe5 Ncxe5 12. Nxe5 Nxe5 13. Rd1 Bg4 14. f3 Bf5 15. b4 Qa4 16. Rxd5 f6 17. Rd1 Bc2 18. Rd2 Bb1 19. Rd1 Be7 20. Rxb1 O-O 21. f4 Ng6 22. Qf3 Qxa2 23. Rd1 Qb3 24. Rb1 Qxb1+ 25. Qd1 Qxd1+ 26. Kxd1 Rd8+ 27. Ke1 f5 28. Bc4+ Kf8 29. Kf2 Rd2+ 30. Kf3 Nh4+ 31. Kg3 Rxg2+ 32. Kh3 Rc2 33. Kg3 Rxc3 34. Be2 Bxb4 35. Rd1 Rxe3+ 36. Kxh4 Rxe2 37. Rd8+ Ke7 38. Rd4 Bc5 39. Rc4 Rxh2+ 40. Kg5 h6+ 41. Kxf5 Rh5+ 42. Kg6 Rd5 43. Re4+ Kd6 44. f5 Kc6 45. Re6+ Kb5 46. f6 gxf6 47. Rxf6 a5 48. Kxh6 Rd6 49. Rxd6 Bxd6 50. Kg5 a4 51. Kf5 a3 52. Ke4 a2 53. Kd5 a1=Q 54. Kxd6 Qd4+ 55. Kc7 Qc5+ 56. Kxb7 Qc6+ 57. Ka7 Qb6+ 58. Ka8 Qa6+ 59. Kb8 Kb6 1/2-1/2

[Event "Junior Online 4NCL Division 5"]
[Site "online"]
[Date "2021.02.18"]
[EventDate "2021.02.18"]
[Round "3.273"]
[White "Tomita, Akito"]
[WhiteElo "1000"]
[WhiteTeam "King's Cross Kings"]
[Black "Dean, Eskander"]
[BlackElo "900"]
[BlackTeam "The Hall 5"]
[Result "1-0"]
[PlyCount "59"]

1. e4 e5 2. Bc4 Bc5 3. Qh5 Qf6 4. Nh3 g5 5. d3 g4 6. Bg5 Qg6 7. Qxg4 Nc6 8. O-O Nf6 9. Qh4 Qh5 10. Qg3 d6 11. Bxf6 Bxh3 12. Bxh8 Qg4 13. gxh3 Qxg3+ 14. hxg3 O-O-O 15. Nc3 Rxh8 16. Nd5 a6 17. Kh1 b5 18. Bb3 a5 19. a4 bxa4 20. Rxa4 Rg8 21. Rxa5 Nxa5 22. Ne7+ Kd7 23. Nxg8 Nxb3 24. cxb3 Ke8 25. Nf6+ Ke7 26. Nd5+ Ke6 27. Nxc7+ Kd7 28. Nd5 f6 29. Nxf6+ Ke6 30. Nxh7 1-0

[Event "Junior Online 4NCL Division 5"]
[Site "online"]
[Date "2021.02.18"]
[EventDate "2021.02.18"]
[Round "3.274"]
[White "Penderis, Oliver"]
[WhiteElo "900"]
[WhiteTeam "The Hall 5"]
[Black "Lew, Elisha"]
[BlackElo "1000"]
[BlackTeam "King's Cross Kings"]
[Result "1/2-1/2"]
[PlyCount "63"]

1. e4 b6 2. d4 Bb7 3. Nc3 g6 4. Nf3 Bg7 5. Bc4 Nf6 6. Bf4 Nc6 7. O-O e6 8. h3 d6 9. a3 a6 10. Qc1 b5 11. Bb3 h6 12. Bg5 hxg5 13. Qxg5 Nh7 14. Qc1 Nxd4 15. Nxd4 Bxd4 16. a4 bxa4 17. Bxa4+ Kf8 18. Qh6+ Bg7 19. Qd2 d5 20. e5 Bxe5 21. Rad1 c6 22. Rfe1 Bxc3 23. Qxc3 Rg8 24. Bxc6 Bc8 25. Bxa8 Bd7 26. Qc5+ Ke8 27. Bc6 Bxc6 28. Qxc6+ Kf8 29. Qc5+ Ke8 30. Qc6+ Kf8 31. Qc5+ Ke8 32. Qc6+ 1/2-1/2

[Event "Junior Online 4NCL Division 5"]
[Site "online"]
[Date "2021.02.18"]
[EventDate "2021.02.18"]
[Round "3.276"]
[White "Semeiko-Wang, Lily"]
[WhiteElo "1000"]
[WhiteTeam "King's Cross Kings"]
[Black "Hansjee, Sebastian"]
[BlackElo "900"]
[BlackTeam "The Hall 5"]
[Result "0-1"]
[PlyCount "82"]

1. e4 e5 2. Nc3 Bc5 3. Nf3 Nc6 4. Bb5 Nf6 5. Bxc6 dxc6 6. Nxe5 O-O 7. Na4 Bb6 8. Nxb6 cxb6 9. Qf3 Qd6 10. Qg3 Be6 11. d4 Nh5 12. Qh4 g6 13. Nf3 c5 14. d5 Bd7 15. g4 Nf6 16. Ng5 Bb5 17. Bd2 c4 18. Bc3 Qf4 19. Bxf6 h5 20. gxh5 Qxh4 21. Nf3 Qxf6 22. Ke2 c3+ 23. Ke3 cxb2 24. Rab1 Qh8 25. e5 Qh6+ 26. Ke4 Qxh5 27. Rxb2 Qg4+ 28. Ke3 Rac8 29. Rxb5 Rc3+ 30. Kd2 Rxf3 31. c3 Rxf2+ 32. Ke3 Qf4+ 33. Kd3 Rf3+ 34. Kc2 Rf2+ 35. Kb3 Qe3 36. Rb4 Rf3 37. Rc1 Qxc1 38. Rc4 Qb1+ 39. Ka3 Rf2 40. Rc7 Qxa2+ 41. Kb4 Rb2# 0-1

[Event "Junior Online 4NCL Division 5"]
[Site "online"]
[Date "2021.02.18"]
[EventDate "2021.02.18"]
[Round "3.277"]
[White "Dean, Eskander"]
[WhiteElo "900"]
[WhiteTeam "The Hall 5"]
[Black "Tomita, Akito"]
[BlackElo "1000"]
[BlackTeam "King's Cross Kings"]
[Result "1/2-1/2"]
[PlyCount "53"]

1. d4 d5 2. Bf4 Na6 3. e3 c6 4. Bxa6 bxa6 5. Nc3 e6 6. Nf3 Nf6 7. Be5 Be7 8. Bxf6 Bxf6 9. Ne5 Bxe5 10. dxe5 Qa5 11. Qg4 f5 12. Qxg7 Rf8 13. Qxh7 c5 14. O-O-O c4 15. Qh5+ Rf7 16. Qh8+ Rf8 17. Qh5+ Kd8 18. Qg5+ Ke8 19. Qg6+ Kd7 20. Nxd5 exd5 21. f3 Qb5 22. Qd6+ Ke8 23. Qg6+ Kd8 24. Qd6+ Ke8 25. Qg6+ Rf7 26. Qg8+ Rf8 27. Qg6+ 1/2-1/2

[Event "Junior Online 4NCL Division 5"]
[Site "online"]
[Date "2021.02.18"]
[EventDate "2021.02.18"]
[Round "3.278"]
[White "Lew, Elisha"]
[WhiteElo "1000"]
[WhiteTeam "King's Cross Kings"]
[Black "Penderis, Oliver"]
[BlackElo "900"]
[BlackTeam "The Hall 5"]
[Result "1-0"]
[PlyCount "81"]

1. g3 e5 2. Bg2 Nf6 3. Nf3 d5 4. Nxe5 Nc6 5. Nxc6 bxc6 6. Nc3 Bc5 7. d4 Bb4 8. a3 Be7 9. h4 h6 10. Bh3 Bxh3 11. Rxh3 O-O 12. Rh1 Ng4 13. Rf1 Nh2 14. Rh1 Ng4 15. f3 Nf6 16. b4 Qd6 17. Rg1 Qd8 18. Bb2 Bd6 19. Qd2 Qc8 20. O-O-O Qh3 21. g4 Qxh4 22. Rh1 Qg3 23. Rdg1 Ne4 24. fxe4 dxe4 25. Rxg3 Bxg3 26. Nxe4 Rfe8 27. Nxg3 Rad8 28. Rf1 Rd7 29. c3 a5 30. bxa5 Red8 31. a6 c5 32. a7 cxd4 33. cxd4 Kf8 34. Qb4+ Kg8 35. Qb7 c5 36. a8=Q Rxa8 37. Qxd7 Ra5 38. Qxf7+ Kh8 39. dxc5 Rxc5+ 40. Kb1 Rb5 41. Qxg7# 1-0

[Event "Junior Online 4NCL Division 5"]
[Site "online"]
[Date "2021.02.18"]
[EventDate "2021.02.18"]
[Round "3.281"]
[White "Penderis, Jasper"]
[WhiteElo "900"]
[WhiteTeam "The Hall 4"]
[Black "Rolletta, Giuseppe"]
[BlackElo "1137"]
[BlackTeam "Golden Falcons 2"]
[Result "1-0"]
[PlyCount "73"]

1. e4 e5 2. Nf3 Nf6 3. Nxe5 Nxe4 4. Qe2 d5 5. d4 Qe7 6. Nc3 Nc6 7. Nxe4 Nxe5 8. Bf4 dxe4 9. dxe5 Qb4+ 10. c3 Qa5 11. Qxe4 Bg4 12. Qxb7 Rd8 13. Be2 h5 14. Bxg4 hxg4 15. O-O Be7 16. Qc6+ Kf8 17. b4 Qa3 18. Qxc7 Rd3 19. Rac1 Qxa2 20. Ra1 Qb2 21. Qxa7 Qxc3 22. b5 Kg8 23. b6 Rd8 24. b7 Kh7 25. Rac1 Qb4 26. Rb1 Qxf4 27. b8=Q Rxb8 28. Rxb8 Qxe5 29. Rxh8+ Kxh8 30. Qa8+ Kh7 31. Qb7 Bd6 32. g3 f5 33. Qf7 f4 34. Rb1 fxg3 35. hxg3 Kh8 36. Rb7 g5 37. Qh7# 1-0

[Event "Junior Online 4NCL Division 5"]
[Site "online"]
[Date "2021.02.18"]
[EventDate "2021.02.18"]
[Round "3.283"]
[White "Boucard, Noam"]
[WhiteElo "900"]
[WhiteTeam "The Hall 4"]
[Black "Masterskikh, Elena"]
[BlackElo "870"]
[BlackTeam "Golden Falcons 2"]
[Result "1-0"]
[PlyCount "21"]

1. e4 e5 2. Nf3 Nf6 3. Nxe5 Nxe4 4. Qe2 d5 5. d3 Nd6 6. Nc6+ Be7 7. Nxd8 Kxd8 8. Nc3 c6 9. Bf4 Ke8 10. Bxd6 Nd7 11. Qxe7# 1-0

[Event "Junior Online 4NCL Division 5"]
[Site "online"]
[Date "2021.02.18"]
[EventDate "2021.02.18"]
[Round "3.284"]
[White "Masterskikh, Luka"]
[WhiteElo "500"]
[WhiteTeam "Golden Falcons 2"]
[Black "Lonberg, Christian"]
[BlackElo "900"]
[BlackTeam "The Hall 4"]
[Result "0-1"]
[PlyCount "40"]

1. d4 d5 2. Nf3 Bf5 3. Bf4 Nc6 4. c3 Nf6 5. e3 e6 6. Be2 Bd6 7. Bg3 Bxg3 8. hxg3 Qd7 9. Nbd2 O-O-O 10. O-O Kb8 11. Qc1 Be4 12. a4 Bxf3 13. gxf3 e5 14. Ra3 Qh3 15. b3 e4 16. fxe4 dxe4 17. Qb2 Rd5 18. b4 Nd7 19. Bc4 Rh5 20. Ra2 Qh1# 0-1

[Event "Junior Online 4NCL Division 5"]
[Site "online"]
[Date "2021.02.18"]
[EventDate "2021.02.18"]
[Round "3.285"]
[White "Rolletta, Giuseppe"]
[WhiteElo "1137"]
[WhiteTeam "Golden Falcons 2"]
[Black "Penderis, Jasper"]
[BlackElo "900"]
[BlackTeam "The Hall 4"]
[Result "0-1"]
[PlyCount "58"]

1. e4 e5 2. d3 Nf6 3. Qd2 Nc6 4. Qc3 Bb4 5. Qxb4 Nxb4 6. c3 Nc2+ 7. Kd1 Nxa1 8. Nd2 d6 9. Ke1 O-O 10. Nc4 Be6 11. Na5 Rb8 12. Bg5 h6 13. Bxf6 Qxf6 14. d4 Bxa2 15. Bb5 Nc2+ 16. Kd1 Qxf2 17. Kc1 Qxg2 18. Kd1 Qxh1 19. Kxc2 Qxg1 20. Kd2 Be6 21. Kc2 Qxh2+ 22. Kb1 Bg4 23. Kc1 Bf3 24. Kb1 Bxe4+ 25. Ka1 Bd5 26. Bf1 Qf2 27. Bd3 Qe1+ 28. Bb1 Be4 29. Nb3 Qxb1# 0-1

[Event "Junior Online 4NCL Division 5"]
[Site "online"]
[Date "2021.02.18"]
[EventDate "2021.02.18"]
[Round "3.287"]
[White "Masterskikh, Elena"]
[WhiteElo "870"]
[WhiteTeam "Golden Falcons 2"]
[Black "Boucard, Noam"]
[BlackElo "900"]
[BlackTeam "The Hall 4"]
[Result "0-1"]
[PlyCount "66"]

1. e4 c5 2. Bb5 Nc6 3. Nf3 a6 4. Bc4 b5 5. Bd3 c4 6. Be2 Nf6 7. d3 cxd3 8. cxd3 Bb7 9. O-O e6 10. h3 Bc5 11. g4 h5 12. g5 Nh7 13. h4 f6 14. g6 Nf8 15. Nc3 Nxg6 16. Be3 Bxe3 17. fxe3 f5 18. e5 Nxh4 19. Nxh4 Qxh4 20. Kg2 Nxe5+ 21. e4 fxe4 22. dxe4 Bxe4+ 23. Bf3 Bxf3+ 24. Rxf3 Nxf3 25. Kxf3 Rf8+ 26. Ke3 Qg3+ 27. Ke4 Rf4+ 28. Ke5 Qe3+ 29. Kd6 Rd4+ 30. Kc5 Rxd1+ 31. Kb4 Rxa1 32. Ka5 Qc5 33. Nxb5 Qxb5# 0-1

[Event "Junior Online 4NCL Division 5"]
[Site "online"]
[Date "2021.02.18"]
[EventDate "2021.02.18"]
[Round "3.288"]
[White "Lonberg, Christian"]
[WhiteElo "900"]
[WhiteTeam "The Hall 4"]
[Black "Masterskikh, Luka"]
[BlackElo "500"]
[BlackTeam "Golden Falcons 2"]
[Result "0-1"]
[PlyCount "58"]

1. e4 e5 2. Nf3 d6 3. Nc3 f6 4. b3 Nd7 5. Ba3 b6 6. Bc4 Ne7 7. Bb5 c6 8. Bxc6 Nxc6 9. O-O Ndb8 10. Nb5 a6 11. Bxd6 Nd7 12. Bxf8 Rxf8 13. Nc3 Nc5 14. a3 a5 15. b4 axb4 16. Nb1 bxa3 17. Nxa3 Ra4 18. Nb5 Rxe4 19. Re1 Rb4 20. Rb1 Ra4 21. Nc3 Ra3 22. Nh4 g5 23. Nf5 Bxf5 24. Qh5+ Bg6 25. Qh6 Qxd2 26. Qh3 Rxc3 27. Qg4 Rxc2 28. Qd1 Qxf2+ 29. Kh1 Qxg2# 0-1

[Event "Junior Online 4NCL Division 5"]
[Site "online"]
[Date "2021.02.18"]
[EventDate "2021.02.18"]
[Round "3.291"]
[White "Vaidyanathan, Sathya"]
[WhiteElo "1088"]
[WhiteTeam "Warwickshire Bears H"]
[Black "Choung, Ava Grace"]
[BlackElo "950"]
[BlackTeam "Young Dragons D"]
[Result "1-0"]
[PlyCount "115"]

1. e4 e5 2. Nf3 Nc6 3. Bc4 Nf6 4. Nc3 b5 5. Bxb5 a6 6. Bc4 Bc5 7. Ng5 O-O 8. d3 a5 9. a3 Ba6 10. Bxa6 Rxa6 11. O-O h6 12. Nf3 d6 13. Qe2 d5 14. exd5 Nxd5 15. Nxd5 Qxd5 16. d4 exd4 17. Qxa6 d3 18. Qxd3 Qxd3 19. cxd3 Re8 20. h3 Bd6 21. Bd2 Re2 22. Rfe1 Re7 23. Rxe7 Nxe7 24. b4 Nf5 25. bxa5 Bc5 26. d4 Nxd4 27. Nxd4 Bxd4 28. Re1 c6 29. a6 f6 30. Be3 Bc3 31. a7 Bxe1 32. Bd2 Bxd2 33. f4 Bxf4 34. g3 Bxg3 35. a8=Q+ Kh7 36. Qxc6 f5 37. Qf3 f4 38. a4 g5 39. a5 h5 40. Kg2 g4 41. hxg4 hxg4 42. Qxg3 fxg3 43. Kxg3 Kg6 44. a6 Kg5 45. a7 Kh5 46. a8=Q Kg6 47. Qe4+ Kf6 48. Kxg4 Kg7 49. Qf5 Kg8 50. Qf6 Kh7 51. Kf5 Kg8 52. Qg6+ Kh8 53. Qg5 Kh7 54. Ke6 Kh8 55. Kd7 Kh7 56. Ke8 Kh8 57. Kf7 Kh7 58. Qh5# 1-0